header

From garden cities to new towns (Record no. 46715)

MARC details
000 -LEADER
fixed length control field 01516nam a2200361Ia 4500
082 04 - DEWEY DECIMAL CLASSIFICATION NUMBER
Classification number 307.1/216/0941
100 1# - MAIN ENTRY--AUTHOR NAME
Personal name Hardy, Dennis.
245 10 - TITLE STATEMENT
Title From garden cities to new towns
250 ## - EDITION STATEMENT
Edition statement 1st ed.
260 ## - PUBLICATION, DISTRIBUTION, ETC. (IMPRINT)
Place of publication London ;
-- New York :
Name of publisher E & FN Spon,
Year of publication 1991.
300 ## - PHYSICAL DESCRIPTION
Number of Pages x, 340 p. :
Other physical details ill.
490 1# - SERIES STATEMENT
Series statement Studies in history, planning, and the environment ;
500 ## - GENERAL NOTE
General note Continued by: From new towns to green politics.
650 #0 - SUBJECT ADDED ENTRY--TOPICAL TERM
Topical Term City planning
856 40 - ELECTRONIC LOCATION AND ACCESS
Uniform Resource Identifier http://site.ebrary.com/lib/rucke/Doc?id=10061154

No items available.

© 2026 Rongo University
Contact us: librarian | system librarian | Rongo university